000 01125nam a22003017a 4500
001 6047
003 FISKH
005 20250226161154.0
008 250226b cb ||||| |||| 00| 0 eng d
020 _a9780439086424
040 _aFISKH
_beng
_cFISKH
_dFISKH
050 _aPZ7.D2193 L
082 _a823.914
100 _aM.Baglio, Ben
_d(1960-)
245 _aLamb in the laundry /
_cBen M.Baglio ; illustrations by Shelagh McNicholas ; Cover illustration by Mary Ann Lasher
250 _aThis edition first published in 1999
260 _aLondon :
_bScholastic,
_c1995.
300 _a137 pages :
_billustrations ;
_c20 cm
505 _aL
520 _aMandy and her friend James, assisted by Blackie the labrador retriever, help Mandy's grandmother save the village hospital from being closed and, at the same time, save the lives of a newborn lamb and their young neighbor Jenny.
521 8 _a510
_bLexile
521 8 _aL
_bRaz-Plus
650 _2Animal Ark
_aChapter Book Series
650 _2Animals
_aManado Teens
700 _aMcNicholas, Shelagh
_dillustrator
942 _2ddc
_cBK
_n0
999 _c6047
_d6047